[Event "Torino 150 Italy Unity op B"]
[Site "Torino"]
[Date "2011.06.04"]
[Round "7"]
[White "Mantovan, Giuseppe"]
[Black "Paoli, Mario"]
[Result "1-0"]
[WhiteElo "1837"]
[BlackElo "1802"]
[PlyCount "106"]
[EventDate "2011.05.31"]
[EventType "swiss"]
[EventRounds "9"]
[EventCountry "ITA"]
[SourceTitle "EXT 2024"]
[Source "ChessBase"]
[SourceDate "2023.10.10"]
[SourceVersion "1"]
[SourceVersionDate "2023.10.10"]
[SourceQuality "1"]

1. d4 g6 2. c4 Bg7 3. Nc3 Nf6 4. e4 d6 5. f4 0-0 6. Nf3 c6 7. Be2 a6 8. a4 Ng4 9. h3 Nf6 10. 0-0 e6 11. Ng5 h6 12. Nf3 Qb6 13. Kh2 Qc7 14. Be3 d5 15. e5 Ne8 16. c5 f6 17. Qd2 f5 18. b4 Bd7 19. Bd3 Qd8 20. Rg1 Nc7 21. g4 Be8 22. gxf5 exf5 23. Qg2 Ne6 24. Rab1 Qe7 25. h4 h5 26. b5 Bh6 27. Ng5 Bxg5 28. hxg5 axb5 29. axb5 Ra3 30. Qb2 Ra7 31. bxc6 Bxc6 32. Qb3 Rd8 33. Rg2 Kg7 34. Rgb2 Nxc5 35. dxc5 d4 36. Nb5 Bxb5 37. Bxb5 dxe3 38. Qxe3 Nc6 39. e6 Rd5 40. Bxc6 bxc6 41. Qc3+ Kg8 42. Rb8+ Rd8 43. Qf6 Qxf6 44. gxf6 Ra8 45. R8b7 Ra2+ 46. R1b2 Ra4 47. Rg7+ Kh8 48. Rxg6 Rxf4 49. Rh6+ Kg8 50. Rxh5 Ra8 51. Rg2+ Rg4 52. Rg5+ Rxg5 53. Rxg5+ Kh8 1-0

[Event "Torino Estate Alfieri A"]
[Site "Torino"]
[Date "2011.05.03"]
[Round "1"]
[White "Longo, Enrico"]
[Black "Paoli, Mario"]
[Result "0-1"]
[WhiteElo "1880"]
[BlackElo "1802"]
[PlyCount "66"]
[EventDate "2011.05.03"]
[EventType "tourn"]
[EventRounds "7"]
[EventCountry "ITA"]
[SourceTitle "EXT 2024"]
[Source "ChessBase"]
[SourceDate "2023.10.10"]
[SourceVersion "1"]
[SourceVersionDate "2023.10.10"]
[SourceQuality "1"]

1. c4 Nc6 2. e3 e5 3. Nc3 Nf6 4. d3 Bc5 5. Bd2 0-0 6. Na4 Be7 7. g3 d5 8. Bg2 Nb4 9. Qb3 dxc4 10. dxc4 Nd3+ 11. Ke2 Nxf2 12. Kxf2 Qxd2+ 13. Kf1 Ng4 14. Ne2 Nxe3+ 15. Kf2 Nxg2 16. Rad1 Qe3+ 17. Qxe3 Nxe3 18. Kxe3 Be6 19. b3 c6 20. Nac3 f5 21. Rhf1 Bc5+ 22. Kd2 Rad8+ 23. Kc2 Rxd1 24. Rxd1 g5 25. Na4 Be7 26. c5 Kg7 27. b4 Rd8 28. Rf1 Kg6 29. a3 Bc4 30. Rf2 e4 31. Nac3 e3 32. Rf3 Bxe2 33. Nxe2 Rd2+ 0-1

[Event "Nichelino op 11th"]
[Site "Nichelino"]
[Date "2010.10.02"]
[Round "4"]
[White "Di Chiara, Mauro"]
[Black "Paoli, Mario"]
[Result "1-0"]
[WhiteElo "1949"]
[BlackElo "1761"]
[PlyCount "111"]
[EventDate "2010.09.30"]
[EventType "swiss"]
[EventRounds "6"]
[EventCountry "ITA"]
[SourceTitle "EXT 2024"]
[Source "ChessBase"]
[SourceDate "2023.10.10"]
[SourceVersion "1"]
[SourceVersionDate "2023.10.10"]
[SourceQuality "1"]

1. Nf3 g6 2. d4 d6 3. e4 Bg7 4. Bd3 Nc6 5. c3 Nf6 6. Bg5 e5 7. 0-0 h6 8. Bxf6 Bxf6 9. dxe5 dxe5 10. Qc2 0-0 11. Nbd2 a6 12. a4 Be6 13. Rfe1 Kg7 14. Nc4 Qe7 15. Ne3 Rfd8 16. Bc4 Bxc4 17. Nxc4 Qc5 18. Qe2 Rd7 19. b4 Qe7 20. Ne3 Rad8 21. Rad1 Qe6 22. Rxd7 Rxd7 23. Nd5 Bd8 24. b5 axb5 25. Qxb5 b6 26. c4 Na5 27. Nxe5 c6 28. Qb2 cxd5 29. Nxd7+ f6 30. Qb5 dxc4 31. Qd5 Kf7 32. Kf1 Bc7 33. Rb1 Nb3 34. Ke2 Qxd5 35. exd5 Ke7 36. d6+ Kxd6 37. Nxf6 Ke6 38. Ne4 Kf5 39. f3 h5 40. Rd1 Ke5 41. Nd2 Nd4+ 42. Ke3 Nc2+ 43. Kf2 Na3 44. Nb1 Nxb1 45. Rxb1 Kd4 46. g3 Kd3 47. Rd1+ Kc2 48. Rd7 Be5 49. Ke2 c3 50. f4 Bh8 51. Rd6 Kc1 52. Rxb6 c2 53. a5 Bb2 54. a6 Kb1 55. Rc6 Bd4 56. Kd3 1-0

[Event "Torino Province-ch"]
[Site "Torino"]
[Date "2010.03.23"]
[Round "7"]
[White "Paoli, Mario"]
[Black "Monno, Luigi"]
[Result "1/2-1/2"]
[WhiteElo "1746"]
[BlackElo "1466"]
[PlyCount "97"]
[EventDate "2010.02.09"]
[EventType "swiss"]
[EventRounds "7"]
[EventCountry "ITA"]
[SourceTitle "EXT 2024"]
[Source "ChessBase"]
[SourceDate "2023.10.10"]
[SourceVersion "1"]
[SourceVersionDate "2023.10.10"]
[SourceQuality "1"]

1. d4 d5 2. c4 Nf6 3. Nf3 Nc6 4. e3 Bf5 5. a3 e6 6. Nc3 a6 7. cxd5 exd5 8. Bd3 Bg4 9. h3 Bh5 10. 0-0 Be7 11. Re1 h6 12. g4 Bg6 13. Bxg6 fxg6 14. Qd3 Ne4 15. Nxe4 dxe4 16. Qxe4 0-0 17. d5 Na5 18. b4 Nb3 19. Rb1 Nxc1 20. Rexc1 Bd6 21. Nd4 Qh4 22. Qg2 Rf6 23. Nf3 Rxf3 24. Qxf3 Rf8 25. Qg2 Qf6 26. f4 g5 27. Rc4 gxf4 28. Rf1 b5 29. Rc2 g5 30. Qf3 Qe5 31. e4 Qd4+ 32. Kg2 Kg7 33. Rd1 Qe5 34. Rdd2 Rh8 35. Qc3 Kg6 36. Qxe5 Bxe5 37. Rc6+ Bd6 38. e5 h5 39. gxh5+ Rxh5 40. exd6 cxd6 41. Rxd6+ Kf5 42. Rxa6 f3+ 43. Kg3 Rh4 44. d6 g4 45. hxg4+ Rxg4+ 46. Kf2 Kf4 47. d7 Rg2+ 48. Ke1 Rg1+ 49. Kf2 1/2-1/2

[Event "Nichelino op"]
[Site "Nichelino"]
[Date "2008.10.06"]
[Round "6"]
[White "Paoli, Mario"]
[Black "Di Chiara, Mauro"]
[Result "0-1"]
[WhiteElo "1742"]
[BlackElo "1896"]
[PlyCount "70"]
[EventDate "2008.10.02"]
[EventType "swiss"]
[EventRounds "6"]
[EventCountry "ITA"]
[SourceTitle "CBM 126 Extra"]
[Source "ChessBase"]
[SourceDate "2008.11.05"]
[SourceVersion "1"]
[SourceVersionDate "2008.11.05"]
[SourceQuality "1"]

1. e4 c5 2. Nf3 Nc6 3. c3 d5 4. exd5 Qxd5 5. Be2 e5 6. 0-0 Nf6 7. b3 Be7 8. Bc4 Qd8 9. Ng5 0-0 10. Qc2 h6 11. Ne4 Nxe4 12. Qxe4 Kh8 13. d3 f5 14. Qf3 Bd7 15. Na3 Bf6 16. Bb2 a6 17. Nc2 Qc8 18. Ne3 e4 19. Qe2 f4 20. Nd5 f3 21. Qxe4 fxg2 22. Rfe1 Qd8 23. Nxf6 Qxf6 24. Qe3 Rae8 25. Qxc5 Ne5 26. Rxe5 Rxe5 27. Qd4 Bc6 28. f4 Qxf4 29. Qxf4 Rxf4 30. d4 Ref5 31. Ba3 Rf2 32. Bd6 Bb5 33. Bg3 Rf1+ 34. Bxf1 Rxf1+ 35. Kxg2 Rxa1 0-1

[Event "Nichelino op"]
[Site "Nichelino"]
[Date "2008.10.04"]
[Round "4"]
[White "Paoli, Mario"]
[Black "Marguati, Massimiano"]
[Result "0-1"]
[WhiteElo "1742"]
[BlackElo "2004"]
[PlyCount "68"]
[EventDate "2008.10.02"]
[EventType "swiss"]
[EventRounds "6"]
[EventCountry "ITA"]
[SourceTitle "CBM 126 Extra"]
[Source "ChessBase"]
[SourceDate "2008.11.05"]
[SourceVersion "1"]
[SourceVersionDate "2008.11.05"]
[SourceQuality "1"]

1. e4 e6 2. Nf3 d5 3. exd5 exd5 4. d4 Bg4 5. Be3 Nf6 6. Be2 Bd6 7. Qd3 c6 8. Nbd2 Na6 9. c3 Qd7 10. 0-0 Bf5 11. Ne4 dxe4 12. Qd1 exf3 13. Bxf3 0-0 14. Re1 Bg4 15. a3 Qf5 16. Bxg4 Nxg4 17. h3 Nxe3 18. Rxe3 Qf4 19. g3 Qg5 20. Qf3 Nc7 21. c4 Rae8 22. Rb3 Rb8 23. Re1 Ne6 24. Rd3 Qf6 25. Qxf6 gxf6 26. b4 Rbe8 27. c5 Nxc5 28. Rde3 Rxe3 29. Rxe3 Ne6 30. Re4 f5 31. Rh4 Be7 32. Rh5 Ng7 33. Rh6 Rd8 34. g4 Bg5 0-1